|
|
|
|
| LEADER |
00000nam0a2200000 4500 |
| 001 |
272268 |
| 005 |
20231101234522.0 |
| 035 |
|
|
|a (RuTPU)RU\TPU\book\295474
|
| 090 |
|
|
|a 272268
|
| 100 |
|
|
|a 20141016d1987 m y0rusy50 ca
|
| 101 |
0 |
|
|a rus
|
| 102 |
|
|
|a RU
|
| 105 |
|
|
|a a z 000zy
|
| 200 |
1 |
|
|a Всегда впереди: воспоминания ветеранов партии - участников Великой Отечественной войны
|f Институт марксизма-ленинизма (ИМЛ) ; сост. И. П. Лопухов
|
| 210 |
|
|
|a Москва
|c Советская Россия
|d 1987
|
| 215 |
|
|
|a 336 с.
|c ил.
|
| 606 |
1 |
|
|a КПСС
|x История
|z 20 в.
|2 stltpush
|3 (RuTPU)RU\TPU\subj\14899
|9 41219
|
| 606 |
1 |
|
|a Великая Отечественная война 1941-1945
|x История
|x Историография
|2 stltpush
|3 (RuTPU)RU\TPU\subj\53381
|9 71659
|
| 610 |
1 |
|
|a воспоминания
|
| 610 |
1 |
|
|a фронт
|
| 610 |
1 |
|
|a тыл
|
| 610 |
1 |
|
|a события
|
| 610 |
1 |
|
|a советский народ
|
| 686 |
|
|
|a Ф61(2)272.2
|v LBC/SL-A
|2 rubbk
|
| 686 |
|
|
|a Т3(2)722,013
|v LBC/SL-A
|2 rubbk
|
| 702 |
|
1 |
|a Лопухов
|b И. П.
|4 220
|
| 712 |
0 |
2 |
|a Институт марксизма-ленинизма (ИМЛ)
|c (Москва)
|c (1956-1991)
|2 stltpush
|3 (RuTPU)RU\TPU\col\4702
|
| 801 |
|
1 |
|a RU
|b 63413507
|c 20141016
|
| 801 |
|
2 |
|a RU
|b 63413507
|c 20161223
|g RCR
|
| 942 |
|
|
|c BK
|